| 000 | 00501cam a2200169 a 4500 | ||
|---|---|---|---|
| 001 | 14335732 | ||
| 005 | 20241119093003.0 | ||
| 008 | 060411s2004 gh a l f000 0 eng | ||
| 050 | 0 | 0 |
_aKRX3794.51998 _b.A4 2004 |
| 110 | 1 | _aGhana. | |
| 245 | 1 | 0 |
_aCriminal Code (Amendment) Act, 1998 : _bAct 554 / _cRepublic of Ghana. |
| 260 |
_aAccra : _bGovt. Printer, Assembly Press, _c[2004] |
||
| 300 |
_a13 p. : _bill. ; _c24 cm. |
||
| 500 | _aCover title. | ||
| 650 | 0 |
_aCriminal law _zGhana. |
|
| 942 |
_2lcc _cBK _n0 |
||
| 999 |
_c1335 _d1335 |
||